<?xml version="1.0" encoding="UTF-8"?>
<record
    xmlns:xsi="http://www.w3.org/2001/XMLSchema-instance"
    xsi:schemaLocation="http://www.loc.gov/MARC21/slim http://www.loc.gov/standards/marcxml/schema/MARC21slim.xsd"
    xmlns="http://www.loc.gov/MARC21/slim">

  <leader>01013nas a2200265Ia 4500</leader>
  <controlfield tag="001">R308/46429</controlfield>
  <controlfield tag="003">IT-RoPAU</controlfield>
  <controlfield tag="008">151124c99999999xx ||||||||||||   ||und||</controlfield>
  <datafield tag="040" ind1=" " ind2=" ">
    <subfield code="a">IT-RoPAU</subfield>
  </datafield>
  <datafield tag="040" ind1=" " ind2=" ">
    <subfield code="c">IT-RoPAU</subfield>
  </datafield>
  <datafield tag="041" ind1=" " ind2=" ">
    <subfield code="a">ITALIANO</subfield>
  </datafield>
  <datafield tag="100" ind1=" " ind2=" ">
    <subfield code="a">AA.VV. </subfield>
    <subfield code="g">Codice Aut. SPICS: 12000</subfield>
  </datafield>
  <datafield tag="210" ind1=" " ind2=" ">
    <subfield code="a">LINUS</subfield>
  </datafield>
  <datafield tag="222" ind1=" " ind2=" ">
    <subfield code="a">Linus</subfield>
  </datafield>
  <datafield tag="245" ind1=" " ind2=" ">
    <subfield code="a">LINUS, ANNO 11-N.09 (SETTEMBRE 1975)</subfield>
    <subfield code="b">Linus, Anno 11-N.09 (Settembre 1975)</subfield>
  </datafield>
  <datafield tag="250" ind1=" " ind2=" ">
    <subfield code="a">1a ed.</subfield>
  </datafield>
  <datafield tag="260" ind1=" " ind2=" ">
    <subfield code="a">MILANO</subfield>
    <subfield code="b">MILANO LIBRI</subfield>
    <subfield code="c">1975</subfield>
  </datafield>
  <datafield tag="501" ind1=" " ind2=" ">
    <subfield code="b">Paulus - SPICS - Societ&#xE0; San Paolo EM (non-commercial uses only)</subfield>
    <subfield code="c">Copyright2015</subfield>
  </datafield>
  <datafield tag="300" ind1=" " ind2=" ">
    <subfield code="a">114 p.</subfield>
  </datafield>
  <datafield tag="310" ind1=" " ind2=" ">
    <subfield code="a">MENSILE</subfield>
  </datafield>
  <datafield tag="362" ind1=" " ind2=" ">
    <subfield code="a">ANNO 011, N.09 (SETTEMBRE 1975)</subfield>
  </datafield>
  <datafield tag="500" ind1=" " ind2=" ">
    <subfield code="a">Nella Misura in Cui di Pericoli e Pirella. Peantus di C. Schulz. Hugo (Pratt), il Grande pi&#xF9; Grande di O. del Buono. Ziggy di T. Wilson. Janis di Garcia e Nieto. Doonesbury di G. Trudeau. Bristow di F. Dickens. Cellulite: Sinfonia per Flauto Maggiore (Sid</subfield>
  </datafield>
  <datafield tag="650" ind1=" " ind2=" ">
    <subfield code="a">FUMETTO</subfield>
    <subfield code="v">PUBBLICAZIONE PERIODICA</subfield>
  </datafield>
  <datafield tag="942" ind1=" " ind2=" ">
    <subfield code="c">CR</subfield>
  </datafield>
  <datafield tag="999" ind1=" " ind2=" ">
    <subfield code="c">129221</subfield>
    <subfield code="d">129221</subfield>
  </datafield>
  <datafield tag="952" ind1=" " ind2=" ">
    <subfield code="0">0</subfield>
    <subfield code="1">0</subfield>
    <subfield code="4">0</subfield>
    <subfield code="6">R_308_464290000000000</subfield>
    <subfield code="7">1</subfield>
    <subfield code="a">SPICS</subfield>
    <subfield code="b">SPICS</subfield>
    <subfield code="d">2015-11-25</subfield>
    <subfield code="l">0</subfield>
    <subfield code="o">R308/46429</subfield>
    <subfield code="r">2015-11-25 00:00:00</subfield>
    <subfield code="w">2015-11-25</subfield>
    <subfield code="y">CR</subfield>
    <subfield code="z">Progr. Ins: 69547 / Copia rara: NO / date import: 25.11.2015  / By Epidotti, Trombetti, Vaglietti</subfield>
  </datafield>
</record>
